[Event "Guelph Spring Pro Am"]
[Site "Guelph"]
[Date "2008.04.19"]
[Round "3"]
[White "Gusev, Nikita"]
[Black "Orlov, Sergiy"]
[Result "1-0"]
[WhiteElo "2119"]
[BlackElo "2080"]
[PlyCount "51"]
[EventDate "2008.04.19"]
[EventType "swiss"]
[EventRounds "5"]
[EventCountry "CAN"]
[SourceTitle "EXT 2011"]
[Source "ChessBase"]
[SourceDate "2010.11.26"]
[SourceVersion "1"]
[SourceVersionDate "2010.11.26"]
[SourceQuality "1"]

1. e4 c5 2. Nf3 g6 3. d4 cxd4 4. Nxd4 Nf6 5. Nc3 Bg7 6. Nb3 0-0 7. Be2 d6 8. 0-0 Nbd7 9. Re1 b6 10. Bf1 Bb7 11. Bg5 Rc8 12. Nd5 Nc5 13. Nxc5 dxc5 14. Nxe7+ Qxe7 15. e5 Qc7 16. exf6 Rfd8 17. Qg4 h5 18. Qh3 Bf8 19. Rad1 Rxd1 20. Rxd1 Bd6 21. Bd3 Re8 22. b3 Be5 23. Bc4 Bd4 24. c3 Bc8 25. Qd3 Be5 26. Qxg6+ 1-0